Library Banner

Aurat Islami muashra mein/ (Record no. 99651)

MARC details
000 -LEADER
fixed length control field 00415nam a22001457a 4500
005 - DATE AND TIME OF LATEST TRANSACTION
control field 20171030093543.0
008 - FIXED-LENGTH DATA ELEMENTS--GENERAL INFORMATION
fixed length control field 171030b xxu||||| |||| 00| 0 eng d
040 ## - CATALOGING SOURCE
Transcribing agency PK-LaUMT
082 ## - DEWEY DECIMAL CLASSIFICATION NUMBER
Classification number PKAC 297.082
Item number JAL-A
100 ## - MAIN ENTRY--PERSONAL NAME
Personal name Jalal ud Din Umari
245 ## - TITLE STATEMENT
Title Aurat Islami muashra mein/
Statement of responsibility, etc Jalal ud Din Umari
260 ## - PUBLICATION, DISTRIBUTION, ETC. (IMPRINT)
Place of publication, distribution, etc نئی دہلی:
Name of publisher, distributor, etc مرکزی مکتبہ اسلامی،
Date of publication, distribution, etc 2003
300 ## - PHYSICAL DESCRIPTION
Extent 332 ص
942 ## - ADDED ENTRY ELEMENTS (KOHA)
Koha item type Books
Holdings
Withdrawn status Lost status Damaged status Home library Current library Date acquired Full call number Barcode Date last seen Price effective from Koha item type
      UMT Main Campus UMT Main Campus 2017-10-30 PKAC 297.082 JAL-A 115455 2017-10-30 2017-10-30 Books